<?xml version="1.0" encoding="UTF-8"?>
<marc:record xmlns:marc="http://www.loc.gov/MARC21/slim">
   <marc:leader>00000nam a2200000 a 4500</marc:leader>
   <marc:datafield ind1="1" ind2=" " tag="100">
      <marc:subfield code="a">Campbell, T. Colin</marc:subfield>
      <marc:subfield code="4">aut</marc:subfield>
      <marc:subfield code="e">Verfasser/-in</marc:subfield>
   </marc:datafield>
   <marc:datafield ind1="1" ind2=" " tag="100">
      <marc:subfield code="a">Campbell, Thomas M.</marc:subfield>
      <marc:subfield code="4">aut</marc:subfield>
      <marc:subfield code="e">Verfasser/-in</marc:subfield>
   </marc:datafield>
   <marc:datafield ind1="1" ind2=" " tag="100">
      <marc:subfield code="a">Michalitsch, Maria</marc:subfield>
      <marc:subfield code="4">trl</marc:subfield>
      <marc:subfield code="e">Übersetzer/-in</marc:subfield>
   </marc:datafield>
   <marc:datafield ind1=" " ind2=" " tag="653">
      <marc:subfield code="a">Vegane Kost</marc:subfield>
   </marc:datafield>
   <marc:datafield ind1=" " ind2=" " tag="653">
      <marc:subfield code="a">Gesundheit</marc:subfield>
   </marc:datafield>
   <marc:datafield ind1=" " ind2=" " tag="653">
      <marc:subfield code="a">Ernährungserhebung</marc:subfield>
   </marc:datafield>
   <marc:datafield ind1=" " ind2=" " tag="653">
      <marc:subfield code="a">Veganische Kost</marc:subfield>
   </marc:datafield>
   <marc:datafield ind1=" " ind2=" " tag="653">
      <marc:subfield code="a">Tierisches Eiweiss</marc:subfield>
   </marc:datafield>
   <marc:datafield ind1=" " ind2=" " tag="653">
      <marc:subfield code="a">Diätetik</marc:subfield>
   </marc:datafield>
   <marc:datafield ind1=" " ind2=" " tag="653">
      <marc:subfield code="a">Vegane Ernährung</marc:subfield>
   </marc:datafield>
   <marc:datafield ind1=" " ind2=" " tag="653">
      <marc:subfield code="a">Ernährungsstudie</marc:subfield>
   </marc:datafield>
   <marc:datafield ind1=" " ind2=" " tag="653">
      <marc:subfield code="a">Ernährung</marc:subfield>
   </marc:datafield>
   <marc:datafield ind1=" " ind2=" " tag="653">
      <marc:subfield code="a">Krankheit</marc:subfield>
   </marc:datafield>
   <marc:datafield ind1=" " ind2=" " tag="653">
      <marc:subfield code="a">Softcover / Medizin/Ganzheitsmedizin</marc:subfield>
   </marc:datafield>
   <marc:datafield ind1="0" ind2="0" tag="245">
      <marc:subfield code="a">China study</marc:subfield>
   </marc:datafield>
   <marc:datafield ind1="0" ind2="0" tag="245">
      <marc:subfield code="b">pflanzenbasierte Ernährung und ihre wissenschaftliche Begründung</marc:subfield>
   </marc:datafield>
   <marc:datafield ind1="0" ind2="0" tag="245">
      <marc:subfield code="c">T. Colin Campbell, Thomas M. Campbell ; deutsche Übersetzung: Maria Michalitsch</marc:subfield>
   </marc:datafield>
   <marc:datafield ind1=" " ind2="1" tag="264">
      <marc:subfield code="a">Bad Kötzting</marc:subfield>
      <marc:subfield code="b">Verlag Systemische Medizin</marc:subfield>
      <marc:subfield code="c">2015</marc:subfield>
   </marc:datafield>
   <marc:datafield ind1=" " ind2=" " tag="250">
      <marc:subfield code="a">3. Auflage</marc:subfield>
   </marc:datafield>
   <marc:datafield ind1="1" ind2=" " tag="520">
      <marc:subfield code="a">Angaben aus der Verlagsmeldung

China Study : Pflanzenbasierte Ernährung und ihre wissenschaftliche Begründung The China Study / von T Colin Campbell, Thomas M Campbell

Wenn wir alle wüssten, was in der Wissenschaft schon längst als belegt gilt: Es besteht ein unmittelbarer Zusammenhang zwischen Ernährung und der Entstehung chronischer Erkrankungen!

Der renommierte Ernährungswissenschaftler T. Colin Campbell leitete die sogenannte China Study, die umfassendste Studie über Ernährung, Lebensweise und Krankheit in der Geschichte der biomedizinischen Forschung. Beteiligt waren zwei westliche Universitäten sowie die Chinesische Akademie für Präventivmedizin.

Die Studie belegt eindeutige Zusammenhänge zwischen tiereiweißreicher Ernährung und der Entstehung von chronischen Erkrankungen. Um die Vorteile einer veganen Ernährung zu untermauern, haben die Autoren hunderte weiterer ernährungswissenschaftlicher Studien ausgewertet. Ihre Ergebnisse fassen sie in diesem Buch auf verständliche und anschauliche Weise zusammen.

Unser Ernährungsverhalten beeinflusst unsere Gesundheit, aber auch die Entstehung von Krebs, koronaren Herzerkrankungen, Diabetes, Adipositas und Autoimmunerkrankungen, wie Multiple Sklerose und Rheuma.

Die Autoren geben konkrete Ratschläge, wie wir durch vegane Ernährung gesundheitliche Vorschädigungen und chronische Erkrankungen erfolgreich bekämpfen können.
</marc:subfield>
   </marc:datafield>
   <marc:datafield ind1=" " ind2=" " tag="020">
      <marc:subfield code="a">9783864010460</marc:subfield>
      <marc:subfield code="9">9783864010460</marc:subfield>
   </marc:datafield>
   <marc:datafield ind1=" " ind2=" " tag="020">
      <marc:subfield code="a">3864010462</marc:subfield>
      <marc:subfield code="9">3864010462</marc:subfield>
   </marc:datafield>
   <marc:datafield ind1=" " ind2=" " tag="041">
      <marc:subfield code="a">ger</marc:subfield>
   </marc:datafield>
   <marc:datafield ind1=" " ind2=" " tag="300">
      <marc:subfield code="a">XIV, 423 Seiten</marc:subfield>
   </marc:datafield>
</marc:record>
